01255nas a2200337 4500001001300000003000900013005001700022007000300039008003400042040005400076041000900130072000800139100001900147100001900166100002500185100000600210100000600216100000600222245013100228246010400359650001300463650001300476650002700489650001700516773009700533856005300630909004000683942001800723999001900741952015700760BR2013004817BR-BrBNA20231205122537.0ta230509b bl.|||p| |||| 00| 00por d aBR-BrBNAbporcBiblioteca Nacional de Agricultura a(Pt) aK101 aSouza, P.B. de1 aSouza, A.L. de1 aMeira Neto, J.A.A. 1 a 1 a 1 a 1 aEstrutura diamétrica dos estratos e grupos ecológicos de uma área de floresta estacional semidecidual, em Dionísio, MG1 aDiameter structure of stratum and ecological groups of a semideciduous forest area in Dionísio-MG aFLORESTA aDIAMETRO aINVENTÁRIO FLORESTAL aLEVANTAMENTO0 tRevista Árvore (Brazil)xISSN 0100-6762g(Jan-Feb 2012), v. 36(1) p. 151-160wBR201300481740uhttp://www.scielo.br/pdf/rarv/v36n1/a16v36n1.pdf a202311bLúciac55dLúcia Elande 2AGRISn0cANA c229198d229198 002AGRIS4071a41918b41918cPeriódicos Agrícolash(Jan-Feb 2012), v. 36(1) p. 151-160l0r2023-11-29t01yCRePortaria Interministerial nº 164/94